00346nam a2200145Ia 4500003000400000005001700004008004100021020001000062040000800072100001900080245004000099260004200139300001000181650000900191LDD20240206110722.0181101s9999 xx 000 0 und d c40.00 cLDD aAnsari, Akhter 0aGhazal ki sarguzishtcAkhter Ansari aAligarhbEducational Book Housec2010 a112p. 2URDU